| 000 | 00493nam a22001697a 4500 | ||
|---|---|---|---|
| 003 | CEME | ||
| 005 | 20210628204040.0 | ||
| 008 | 210126b xxu||||| |||| 00| 0 eng d | ||
| 020 | _a1-58053-540-2 | ||
| 040 | _c. | ||
| 082 | _a621.3848 KUL | ||
| 100 |
_aKulemin, Gennadiy P:Barton, David K _968433 |
||
| 245 | _aMillimeter wave radar targets and clutter;radar targets, radar interference, millimeter waves | ||
| 260 |
_aBOSTON _bARTECH HOUSE _c2003 |
||
| 300 | _aXI,327P | ||
| 942 |
_cBK _2ddc |
||
| 999 |
_c576014 _d576014 |
||